El cultivo de pimientos, chiles y ajíes /

Guardado en:
Autor Principal: Nuez Viñals, Fernando
Otros Autores: Gil Ortega, Ramiro, Costa García, Joaquín
Formato: Libro
Publicado: Madrid : Mundi-prensa, 2003
Materias:
Etiquetas: Agregar Etiqueta
Sin Etiquetas, Sea el primero en etiquetar este registro!
LEADER 01039nam a22002295a 4500
001 CEM.cems017526
005 20131203175034.0
008 130507s2003##################000#0#####d
003 CEMS
020 |a 8471146096 
082 0 4 |a 633.84 
100 1 |a Nuez Viñals, Fernando 
245 1 0 |a El cultivo de pimientos, chiles y ajíes /  |c Fernando Nuez Viñals, Ramiro Gil Ortega y Joaquín Costa García 
260 |a Madrid :  |b  Mundi-prensa,  |c 2003 
300 |a 605 p. 
505 0 |a Origen e importancia del pimiento -- Aspectos morfológicos y fisiológicos de la planta -- Plagas -- Enfermedades no viróticas -- Enfermedades producidas por virus y micoplasmas -- Tipos varietales -- Manejo en cultivo intensivo -- Manejo en cultivo extensivo -- Postcosecha -- Aspectos económicos de la producción y comercialización 
653 |a Pimientos-cultivo 
653 |a Chiles-cultivo 
653 |a Ajíes-cultivo 
700 1 |a Gil Ortega, Ramiro 
700 1 |a Costa García, Joaquín 
859 |a CEMS  |b BIB. CEMS - Agricultura  |h 633.84  |i N889  |p A1335.11  |t Ej.1